| Registos Bibliográficos associados ao registo de autoridade |
|
Etiqueta de registo: 00000nkm 2200025 450 001 2280474 003 http://id.bnportugal.gov.pt/bib/catbnp/2280474 100 ## $a20260316d1981 m y0pory01030103ba 101 0# $apor 102 ## $aPT 200 1# $a4.º Encontro de Coros Amadores da Área de Lisboa, maio junho 81$bVisual gráfico]$fAssociação de Coros Amadores da Área de Lisboa 210 #9 $a[Lisboa]$cAssociação de Coros Amadores da Área de Lisboa,$d1981 215 ## $a1 cartaz$cp&b.$d62,2x44,5 cm 317 ## $aColeção Madeira Luís 710 02 $aEncontro de Coros Amadores da Área de Lisboa,$d4,$eLisboa,$f1981$31991511 712 02 $aAssociação de Coros Amadores da Área de Lisboa$4557$31302023 801 #0 $aPT$bBN$gRPC 966 ## $lBN$mICONOG$sCT. 24915 A.$x3 971 ## $cCaticonografia5$d20260316 995 ## $aPRR2026
|
|
|